| 000 | 00000nas 2200000za 4500 |
| 001 | 9.504358 |
| 003 | CaOODSP |
| 005 | 20231102112839 |
| 007 | cr ||||||||||| |
| 008 | 150406d19972000oncar p o||||f0 a0eng|d |
| 022 | |a1495-5431 |
| 040 | |aCaOODSP|beng |
| 043 | |an-cn--- |
| 086 | 1 |aA22-182E-PDF |
| 130 | 0 |aPortrait of the Canadian agri-food system (Online) |
| 210 | 0 |aPortrait Can. agri-food syst. |b(Online) |
| 222 | 0|aPortrait of the Canadian agri-food system |b(Online) |
| 245 | 02|aA portrait of the Canadian agri-food system. |
| 264 | 1|a[Ottawa] : |bAgriculture and Agri-Food Canada, |c[1998?]-[2000?]. |
| 310 | |aAnnual (rev. irregularly). |
| 362 | 1 |aBegan with 1998?; ceased with 2000? |
| 500 | |aIssued also in French under title: Portrait du circuit agroalimentaire canadien. |
| 690 | 07|aAgri-food industry|2gcpds |
| 690 | 07|aEconomic indicators|2gcpds |
| 690 | 07|aEconomic statistics|2gcpds |
| 710 | 1 |aCanada. |bAgriculture and Agri-Food Canada, |eissuing body. |
| 775 | 08|tPortrait du circuit agroalimentaire canadien.|w(CaOODSP)9.500794 |
| 776 | 0#|tA portrait of the Canadian agri-food system / |w(CaOODSP)9.514159 |